,,XXX" Zrt. vagyoni-, pénzügyi-, jövedelmezőségi helyzetének elemzése az éves beszámolók alapján

Bibliographic Details
Main Author: Szokolay György Attila
Other Authors: Borzán Dr. Anita
Format: Thesis
Kulcsszavak:Növényolajipar
Beszámoló elemzés
Komplex elemzés
Online Access:http://dolgozattar.uni-bge.hu/6252

MARC

LEADER 00000nta a2200000 i 4500
001 dolg6252
005 20160514110512.0
008 160514suuuu hu om 000 hun d
040 |a BGE Dolgozattár Repozitórium  |b hun 
041 |a hu 
100 1 |a Szokolay György Attila 
245 1 0 |a ,,XXX" Zrt. vagyoni-, pénzügyi-, jövedelmezőségi helyzetének elemzése az éves beszámolók alapján  |c Szokolay György Attila  |h [elektronikus dokumentum] 
695 |a Növényolajipar 
695 |a Beszámoló elemzés 
695 |a Komplex elemzés 
700 1 |a Borzán Dr. Anita  |e ths 
856 4 0 |u http://dolgozattar.uni-bge.hu/6252/1/Szokolay%20Gy%C3%B6rgy%20Attila_SLXJFA_XXX%20Zrt%20vagyoni%2C%20p%C3%A9nz%C3%BCgyi%2C%20j%C3%B6vedelmez%C5%91s%C3%A9gi%20helyzet%C3%A9nek%20elemz%C3%A9se%20az%20%C3%A9ves%20besz%C3%A1mol%C3%B3k%20alapj%C3%A1n.pdf  |z Dokumentum-elérés 
856 4 0 |u http://dolgozattar.uni-bge.hu/6252/7/Szokolay%20Gy%C3%B6rgy%20Attila_SLXJFA_Al%C3%A1%C3%ADrt%20nyilatkozat.pdf  |z Dokumentum-elérés